Music Quiz

Random Music or Album Quiz

'90s Albums A-Z Quiz Stats

 Plays Quiz Updated Feb 25, 2016

Also try: '80s Albums A-Z
Challenge
Share
Tweet
Score 0/26 Timer 05:00
9 Plays Today
% Correct
Nevermind
88.4%
Weezer
78.9%
Jagged Little Pill
76.8%
Automatic for the People
61.3%
Odelay
58.5%
The Bends
54.2%
Siamese Dream
51.2%
Definitely Maybe
40.5%
Yield
37.9%
Parklife
37.9%
Tragic Kingdom
37.7%
Come on Over
34.7%
Fear of a Black Planet
28.9%
% Correct
Korn
28.2%
Zooropa
28.2%
Enter the Wu-Tang
25.7%
Violator
22.8%
In the Aeroplane Over the Sea
22.5%
Goo
22.4%
Mezzanine
19.3%
Undertow
18.7%
Loveless
16.4%
Rust in Peace
16.1%
XO
15.7%
Queens of the Stone Age
14.1%
Homogenic
12.4%

You're not logged in!

Compare scores with friends on all Sporcle quizzes.
OR
Log In

You Might Also Like...

Show Comments

Extras

Top Quizzes Today


Score Distribution

Your Account Isn't Verified!

In order to create a playlist on Sporcle, you need to verify the email address you used during registration. Go to your Sporcle Settings to finish the process.

Report this User

Report this user for behavior that violates our Community Guidelines.

Details: